|
|
|
|
| LEADER |
00000nam a2200000 a 4500 |
| 001 |
vtls001413482 |
| 003 |
SK-MaSNL |
| 005 |
20260331204444.0 |
| 008 |
251124s2000 BG a rd d 0 bul |
| 020 |
|
|
|a 9545230576
|c [330,00]
|
| 035 |
|
|
|a SNK000368205
|
| 040 |
|
|
|a SNK
|b slo
|c SNK
|e AACR2
|
| 044 |
|
|
|a BG
|
| 080 |
|
|
|a 015(497.2)"1878/1944"
|2 1981
|
| 100 |
1 |
|
|a Pančeva, Ivanka Michajlova
|4 zos
|9 298084
|
| 245 |
1 |
|
|a Bălgarski knigi 1878-1944
|b bibliografski ukazatel : azbučna poredica
|n T. 8
|p Imen pokazalec
|n Čast 2., M - Ja; A - Z
|c [săstavitel Ivanka Pančeva]
|
| 260 |
|
|
|a Sofija
|b Narodna biblioteka "Sv. sv. Kiril i Metodij"
|c 2000
|
| 300 |
|
|
|a 223 s.
|c 28 cm
|
| 500 |
|
|
|a Súbež. tit. strana angl.
|
| 500 |
|
|
|a Údaj o zost. prevzatý z rubu tit. strany
|
| 650 |
0 |
7 |
|a bulharské tlače
|y 1878-1944
|x bibliografie národné
|2 SNK
|9 65981
|
| 650 |
0 |
7 |
|a bibliografie národné buhlarské
|y r. 1878-1944
|x registre
|2 SNK
|9 298085
|
| 919 |
|
|
|a 954-523-057-6
|
| 999 |
|
|
|c 1069347
|d 1071277
|
| 952 |
|
|
|t P60, <04>, [BOOK], {604}
|a SNK
|b SNK
|y VYP
|7 0
|p 17A0353911
|o snkIB 43645/8/2
|i snkV 884/2002
|0 0
|1 0
|4 0
|d 2002-08-21
|l 0
|r 2005-01-02 00:00:00
|w 2026-02-24
|